00688nam a2200253 a 4500001001300000003000900013005001700022008004100039020001000080082002000090100002000110245001100130260004800141300000900189500003500198505001000233650001900243650002600262700002000288902000800308942000700316952009800323999001300421nice12345678IN_TiNIC20260116011357.0050524s1964 dela grp 000 0 urd  ac3.500a305.480297bMAW aMawdoodi, S A A aPurdah aDelhibMarkazi Maktaba Jamat-E-Islamic1964 a400p aincludes index and biblioraphy2 aIndex aWomen in Islam aWomen in Islam-Purdah1 aMawdoodi, S A A bSRS cBK 00104070aHMIbHMId2008-02-21g3.50l0o305.480297 MAWp03216r2008-02-21w2026-01-16yEB c993d993